000
00323 a2200145 4500
001
161702
020
_a
040
_c
Magnum
100
_a
-
240
1
0
_a
Curriculos para prevencao de drogas
_l
por
245
1
0
_a
Curriculos para prevencao de drogas
362
0
_a
1899
697
_a
CIENCIAS MEDICAS SAUDE
942
_c
BK
999
_c
161702
_d
161702